<?xml version="1.0" encoding="UTF-8"?>
<record
    xmlns:xsi="http://www.w3.org/2001/XMLSchema-instance"
    xsi:schemaLocation="http://www.loc.gov/MARC21/slim http://www.loc.gov/standards/marcxml/schema/MARC21slim.xsd"
    xmlns="http://www.loc.gov/MARC21/slim">

  <leader>03268cam a22004694i 4500</leader>
  <controlfield tag="003">PE-LiUPU</controlfield>
  <controlfield tag="005">20250731165418.0</controlfield>
  <controlfield tag="008">151211s2012    pe     grm    000 0 spa d</controlfield>
  <datafield tag="035" ind1=" " ind2=" ">
    <subfield code="a">(Sirsi) a155483</subfield>
  </datafield>
  <datafield tag="040" ind1=" " ind2=" ">
    <subfield code="a">PE-LiUPU</subfield>
    <subfield code="b">spa</subfield>
    <subfield code="c">PE-LiUPU</subfield>
    <subfield code="e">rda</subfield>
  </datafield>
  <datafield tag="082" ind1="0" ind2="4">
    <subfield code="a">236.9</subfield>
    <subfield code="b">H76 T3</subfield>
  </datafield>
  <datafield tag="099" ind1=" " ind2=" ">
    <subfield code="a">TT 3</subfield>
    <subfield code="b">H76 2012</subfield>
  </datafield>
  <datafield tag="100" ind1="1" ind2=" ">
    <subfield code="a">Horna Santill&#xE1;n, Edgar Adolfo</subfield>
    <subfield code="e">autor</subfield>
  </datafield>
  <datafield tag="245" ind1="1" ind2=" ">
    <subfield code="a">Teolog&#xED;a del Juicio escatol&#xF3;gico en los Salmos 75, 76 y 82 /</subfield>
    <subfield code="c">Edgr Adolfo Horna Santil&#xE1;n.</subfield>
  </datafield>
  <datafield tag="264" ind1=" " ind2="0">
    <subfield code="c">2012.</subfield>
  </datafield>
  <datafield tag="300" ind1=" " ind2=" ">
    <subfield code="a">199 hojas </subfield>
    <subfield code="c">30 cm</subfield>
  </datafield>
  <datafield tag="336" ind1=" " ind2=" ">
    <subfield code="a">text</subfield>
    <subfield code="2">rdacontent</subfield>
  </datafield>
  <datafield tag="337" ind1=" " ind2=" ">
    <subfield code="a">unmediated</subfield>
    <subfield code="2">rdamedia</subfield>
  </datafield>
  <datafield tag="338" ind1=" " ind2=" ">
    <subfield code="a">volume</subfield>
    <subfield code="2">rdacarrier</subfield>
  </datafield>
  <datafield tag="502" ind1=" " ind2=" ">
    <subfield code="a">Tesis</subfield>
    <subfield code="b">(Mg.) -- </subfield>
    <subfield code="c">Universidad Peruana Uni&#xF3;n,</subfield>
    <subfield code="d">2012.</subfield>
  </datafield>
  <datafield tag="504" ind1=" " ind2=" ">
    <subfield code="a">Incluye referencias</subfield>
  </datafield>
  <datafield tag="520" ind1="3" ind2=" ">
    <subfield code="a">Esta investigaci&#xF3;n es un estudio exeg&#xE9;tico  de naturaleza bibliogr&#xE1;fica, cuyo an&#xE1;lisis principal se concentra en la fuente primaria del Texto Masor&#xE9;tico tal como aparece en la biblia Hebraica Stuttgartensia. Adem&#xE1;s, se consultan diversas obras (comentarios b&#xED;blicos y art&#xED;culos acad&#xE9;micos) publicadas despu&#xE9;s de la propuesta  de Hermann Gunkel  (1922) cobre los Salmos. Sin embargo, este trabajo no sigue los paradigmas establecidos por el pensamiento cr&#xED;tico filos&#xF3;fico de estos autores. El estudio empieza con la investigaci&#xF3;n de las im&#xE1;genes po&#xE9;ticas sobre el juicio escatol&#xF3;gico en los Salmos 75,76 y 82. Estas son analizadas literaria y contextualmente en el salterio y a los largo de todas  las Sagradas Escritura con el prop&#xF3;sito de comprender su correcto significado y su relaci&#xF3;n con la escatolog&#xED;a del AT. Luego, se analiza exeg&#xE9;ticamente los Salmos 75, 76 y 82 con el fin de comprender mejor el significado teol&#xF3;gico de cada uno de ellos. Para ello, se sigue los principios del m&#xE9;todo gram&#xE1;tico-hist&#xF3;rico de interpretaci&#xF3;n. La ex&#xE9;gesis abarca las &#xE1;reas b&#xE1;sicas de: an&#xE1;lisis del texto (evaluaci&#xF3;n de las variantes a trav&#xE9;s de la cr&#xED;tica textual, aspectos gramaticales, sintaxis y traducci&#xF3;n); el an&#xE1;lisis del contexto literario del texto (colometr&#xED;a, estructura y aspectos formales como: paralelismos, repeticiones e im&#xE1;genes); an&#xE1;lisis del contexto hist&#xF3;rico y la teolog&#xED;a del texto (significado original y sus interpretaciones actuales). Finalmente, los conceptos resultantes han sido sintetizados y articulados para establecer una teolog&#xED;a b&#xED;blica sobre el juicio divino en los Salmos 75, 76 y 82 y al mismo tiempo se busca establecer sus implicaciones en referencia a la escatolog&#xED;a del Antiguo Testamento. Asimismo, el motivo del juicio es desarrollado siguiendo particularmente las expresiones e im&#xE1;genes que unifican a los tres Salmos conceptual y teol&#xF3;gicamente.</subfield>
  </datafield>
  <datafield tag="526" ind1=" " ind2=" ">
    <subfield code="a">SEG44</subfield>
  </datafield>
  <datafield tag="526" ind1=" " ind2=" ">
    <subfield code="a">SEG26</subfield>
  </datafield>
  <datafield tag="526" ind1=" " ind2=" ">
    <subfield code="a">P151</subfield>
  </datafield>
  <datafield tag="526" ind1=" " ind2=" ">
    <subfield code="a">P150</subfield>
  </datafield>
  <datafield tag="526" ind1=" " ind2=" ">
    <subfield code="a">P149</subfield>
  </datafield>
  <datafield tag="526" ind1=" " ind2=" ">
    <subfield code="a">P146</subfield>
  </datafield>
  <datafield tag="526" ind1=" " ind2=" ">
    <subfield code="a">P145</subfield>
  </datafield>
  <datafield tag="526" ind1=" " ind2=" ">
    <subfield code="a">P126</subfield>
  </datafield>
  <datafield tag="526" ind1=" " ind2=" ">
    <subfield code="a">P125</subfield>
  </datafield>
  <datafield tag="526" ind1=" " ind2=" ">
    <subfield code="a">P92</subfield>
  </datafield>
  <datafield tag="526" ind1=" " ind2=" ">
    <subfield code="a">P75</subfield>
  </datafield>
  <datafield tag="526" ind1=" " ind2=" ">
    <subfield code="a">P74</subfield>
  </datafield>
  <datafield tag="526" ind1=" " ind2=" ">
    <subfield code="a">P27</subfield>
  </datafield>
  <datafield tag="526" ind1=" " ind2=" ">
    <subfield code="a">P15</subfield>
  </datafield>
  <datafield tag="650" ind1="0" ind2="4">
    <subfield code="a">Juicio final</subfield>
    <subfield code="v">Tesis.</subfield>
  </datafield>
  <datafield tag="630" ind1="0" ind2="4">
    <subfield code="a">Biblia</subfield>
    <subfield code="p">A.T.</subfield>
    <subfield code="p">Salmos</subfield>
    <subfield code="x">Comentarios</subfield>
    <subfield code="v">Tesis.</subfield>
  </datafield>
  <datafield tag="596" ind1=" " ind2=" ">
    <subfield code="a">1</subfield>
  </datafield>
  <datafield tag="942" ind1=" " ind2=" ">
    <subfield code="2">ddc</subfield>
    <subfield code="c">TESIS</subfield>
  </datafield>
  <datafield tag="999" ind1=" " ind2=" ">
    <subfield code="a">TT 3 H76 2012</subfield>
    <subfield code="w">ALPHANUM</subfield>
    <subfield code="c">8161</subfield>
    <subfield code="i">T01271</subfield>
    <subfield code="d">8161</subfield>
    <subfield code="l">CCODEBUL3</subfield>
    <subfield code="m">BUL</subfield>
    <subfield code="q">1</subfield>
    <subfield code="r">1</subfield>
    <subfield code="s">Y</subfield>
    <subfield code="t">TESIS</subfield>
    <subfield code="u">2015-12-11</subfield>
    <subfield code="x">POSGRADO</subfield>
    <subfield code="P">P85</subfield>
    <subfield code="o">.STAFF. Tesis</subfield>
  </datafield>
  <datafield tag="980" ind1=" " ind2=" ">
    <subfield code="8">1</subfield>
    <subfield code="g">ALBERTO SANCHEZ Responsable de Automatizaci&#xF3;n</subfield>
  </datafield>
  <datafield tag="952" ind1=" " ind2=" ">
    <subfield code="r">2023-05-23 00:00:00</subfield>
    <subfield code="l">0</subfield>
    <subfield code="o">TT 3 H76 2012</subfield>
    <subfield code="p">T01271</subfield>
    <subfield code="t">e1</subfield>
    <subfield code="w">2015-12-11</subfield>
    <subfield code="x">PG</subfield>
    <subfield code="y">TESIS</subfield>
    <subfield code="z">Este &#xCD;tem NO se presta por ser Ejemplar #1.</subfield>
    <subfield code="1">0</subfield>
    <subfield code="2">ddc</subfield>
    <subfield code="7">1</subfield>
    <subfield code="8">TESIS</subfield>
    <subfield code="f">P85</subfield>
    <subfield code="a">BUL</subfield>
    <subfield code="b">BUL</subfield>
    <subfield code="c">TESIS</subfield>
    <subfield code="d">2015-12-11</subfield>
  </datafield>
</record>
